000
00325cam a2200145 4500
008
040513n2004 000 0 eng u
020
_a
0414013735
035
_a
(Sirsi) u126188
041
_a
eng
100
_a
Swinton, Kenneth
245
_a
Property
260
_a
Edinburgh
_b
W Green
_c
2004
350
_a
13
942
_n
0
999
_c
103584
_d
103584